[Event "Reykjavik Open"]
[Site "Reykjavik ISL"]
[Date "2012.03.07"]
[Round "2.21"]
[White "Langer, Michael"]
[Black "Danielsen, Henrik"]
[Result "0-1"]
[WhiteTitle "FM"]
[BlackTitle "GM"]
[WhiteElo "2217"]
[BlackElo "2504"]
[WhiteFideId "2015064"]
[BlackFideId "1400185"]
[EventDate "2012.03.06"]

1. e4 e6 2. d4 d5 3. Nd2 c5 4. exd5 Qxd5 5. Ngf3 cxd4 6. Bc4 Qd6 7. Nb3 Qb4+ 8.
Nbd2 Nc6 9. a3 Qd6 10. O-O Nf6 11. Nb3 Be7 12. Nbxd4 Nxd4 13. Nxd4 O-O 14. Be3
e5 15. Nb5 Qc6 16. Qe2 b6 17. Rad1 Bb7 18. f3 Rfc8 19. Bb3 a6 20. Nc3 Rd8 21.
Bg5 Bxa3 22. Bd5 Bc5+ 23. Kh1 Rxd5 0-1

[Event "Reykjavik Open"]
[Site "Reykjavik ISL"]
[Date "2012.03.07"]
[Round "2.22"]
[White "Arjun, Bharat"]
[Black "Arnold, Marc T"]
[Result "1/2-1/2"]
[WhiteTitle "CM"]
[BlackTitle "IM"]
[WhiteElo "2210"]
[BlackElo "2502"]
[WhiteFideId "5032725"]
[BlackFideId "2022320"]
[EventDate "2012.03.06"]

1. Nf3 Nf6 2. c4 e6 3. g3 d5 4. Bg2 d4 5. d3 Nc6 6. O-O Be7 7. e3 e5 8. exd4
exd4 9. a3 a5 10. Bg5 O-O 11. Re1 h6 12. Bxf6 Bxf6 13. Nbd2 Bf5 14. Ne4 Be7 15.
Qb3 Qd7 16. Qb5 Rfe8 17. Nfd2 Ra6 18. c5 Qc8 19. f4 a4 20. b4 Be6 21. Nf2 Rf8
22. Rxe6 fxe6 23. Qc4 Nd8 24. Re1 Kh8 25. Ng4 Nf7 26. Nf3 Re8 27. Nxd4 b6 28.
Bc6 Rg8 29. Rxe6 bxc5 30. Re1 Nd6 1/2-1/2

[Event "Reykjavik Open"]
[Site "Reykjavik ISL"]
[Date "2012.03.07"]
[Round "2.23"]
[White "Kristjansson, Stefan"]
[Black "Dunn, Andrew"]
[Result "1-0"]
[WhiteTitle "GM"]
[BlackTitle "CM"]
[WhiteElo "2500"]
[BlackElo "2205"]
[WhiteFideId "2301172"]
[BlackFideId "401960"]
[EventDate "2012.03.06"]

1. e4 c6 2. d4 d5 3. Nc3 dxe4 4. Nxe4 Bf5 5. Ng3 Bg6 6. h4 h6 7. Nf3 Nd7 8. h5
Bh7 9. Bd3 Bxd3 10. Qxd3 e6 11. Bd2 Ngf6 12. O-O-O Be7 13. Qe2 O-O 14. Nf1 c5
15. g4 Nh7 16. Kb1 Rc8 17. Ne3 Bf6 18. d5 Re8 19. dxe6 Rxe6 20. Bc1 Qe8 21. Qd3
Nb6 22. Nf5 Qa4 23. Rhg1 c4 24. Qf1 Qb4 25. a3 Qc5 26. N3d4 Re4 27. c3 Nd5 28.
f3 Ree8 29. f4 Qb6 30. Qf3 Rcd8 31. g5 hxg5 32. fxg5 Bxd4 33. Rxd4 Qe6 34. g6
fxg6 35. Rxg6 Nhf6 36. Nxg7 1-0

[Event "Reykjavik Open"]
[Site "Reykjavik ISL"]
[Date "2012.03.07"]
[Round "2.25"]
[White "Gretarsson, Hjorvar Steinn"]
[Black "Loftsson, Hrafn"]
[Result "1-0"]
[WhiteTitle "IM"]
[WhiteElo "2460"]
[BlackElo "2202"]
[WhiteFideId "2302241"]
[BlackFideId "2300729"]
[EventDate "2012.03.06"]

1. d4 d5 2. c4 dxc4 3. Nf3 Nf6 4. e3 e6 5. Bxc4 a6 6. O-O Nbd7 7. a4 b6 8. Nc3
Bb7 9. Qe2 Bb4 10. Ne5 Nxe5 11. dxe5 Nd7 12. f4 O-O 13. Rd1 Qe7 14. Na2 a5 15.
Nxb4 axb4 16. Bd2 Rfd8 17. Be1 Be4 18. Rd4 Bc6 19. b3 Nf8 20. Rad1 Ng6 21. Bxb4
Qe8 22. R4d2 Ne7 23. e4 Ng6 24. Rxd8 Rxd8 25. Rf1 Rd4 26. f5 exf5 27. e6 Rxc4
28. Qxc4 Bxe4 29. Qxc7 fxe6 30. Rc1 Bd5 31. Bd6 Bxb3 32. Qxb6 Bxa4 33. Qb7 Bd7
34. Rc7 Nf8 35. h3 1-0

[Event "Reykjavik Open"]
[Site "Reykjavik ISL"]
[Date "2012.03.07"]
[Round "2.26"]
[White "Dougherty, Michael"]
[Black "Ziska, Helgi Dam"]
[Result "1/2-1/2"]
[WhiteTitle "FM"]
[BlackTitle "IM"]
[WhiteElo "2195"]
[BlackElo "2456"]
[WhiteFideId "2601559"]
[BlackFideId "7200595"]
[EventDate "2012.03.06"]

1. d4 Nf6 2. c4 g6 3. Nc3 Bg7 4. e4 d6 5. Be2 O-O 6. Bg5 Na6 7. Qd2 Qe8 8. h4 e5
9. dxe5 Qxe5 10. Nf3 Nxe4 11. Nxe5 Nxd2 12. Nxg6 fxg6 13. Bxd2 Nb4 14. O-O Nc2
15. Rad1 Nd4 16. Bd3 Bg4 17. Rde1 Rae8 18. Rxe8 Rxe8 19. Re1 Kf7 20. b3 Rxe1+
21. Bxe1 Bf6 22. Be4 c6 23. f3 Bf5 24. Kf1 Nc2 25. Bxc2 Bxc2 26. Ke2 g5 27. h5
h6 28. Kd2 Bh7 29. Bf2 a6 30. Ne2 Bd8 31. Bd4 b5 32. c5 Ba5+ 33. Nc3 Bb4 34.
cxd6 Bxd6 35. Ne4 Bf4+ 36. Kc3 g4 37. Nc5 gxf3 38. gxf3 a5 39. a4 Bf5 40. Nd3
b4+ 41. Kc4 Be6+ 42. Kc5 Bd2 43. Ne5+ Ke8 1/2-1/2

[Event "Reykjavik Open"]
[Site "Reykjavik ISL"]
[Date "2012.03.07"]
[Round "2.27"]
[White "Hunt, Adam C"]
[Black "Bjornsson, Bjorn Freyr"]
[Result "1/2-1/2"]
[WhiteTitle "IM"]
[WhiteElo "2454"]
[BlackElo "2183"]
[WhiteFideId "403970"]
[BlackFideId "2300834"]
[EventDate "2012.03.06"]

1. e4 e5 2. Nf3 Nc6 3. Bb5 a6 4. Ba4 Nge7 5. c3 g6 6. d4 exd4 7. cxd4 Bg7 8. d5
b5 9. Bc2 Na5 10. O-O O-O 11. Nc3 d6 12. Nd4 b4 13. Nce2 c5 14. dxc6 Nexc6 15.
b3 Nxd4 16. Nxd4 d5 17. Be3 Bb7 18. Qd2 Nc6 19. Rad1 Nxd4 20. Bxd4 Bxd4 21. Qxd4
Qc7 22. Bb1 dxe4 23. Bxe4 Bxe4 24. Qxe4 a5 25. Rc1 Qa7 26. h4 Rfe8 27. Qf4 Re7
28. h5 Qb8 29. Qf3 Qf8 30. Rc5 Re2 31. Rfc1 Rxa2 32. Rc7 Rd2 33. hxg6 hxg6 34.
Rxf7 Qxf7 35. Qxa8+ Kg7 36. f3 Qd7 37. Qe4 Rd1+ 38. Rxd1 Qxd1+ 39. Kh2 Qxb3 40.
Qe5+ Kf7 41. Qxa5 Qc4 42. Qa7+ Ke8 43. Qb6 b3 44. Qxg6+ Kd7 45. Qf5+ Kc6 46. f4
Qc2 47. Qe6+ Kb5 48. Qd5+ Kb4 49. Qd4+ Qc4 50. Qf6 Qc3 51. Qd6+ Kc4 52. Qa6+ Kd4
53. f5 b2 54. Qb6+ Kd3 55. f6 Kc2 56. Qf2+ Kb3 57. Qf5 Ka2 58. Qe6+ Ka1 59. Qa6+
Kb1 60. Qf1+ Ka2 61. Qa6+ Kb1 62. Qf1+ Ka2 1/2-1/2

[Event "Reykjavik Open"]
[Site "Reykjavik ISL"]
[Date "2012.03.07"]
[Round "2.28"]
[White "Bartholomew, John"]
[Black "Ornolfsson, Magnus P"]
[Result "1-0"]
[WhiteTitle "IM"]
[WhiteElo "2440"]
[BlackElo "2175"]
[WhiteFideId "2019353"]
[BlackFideId "2301016"]
[EventDate "2012.03.06"]

1. c4 Nf6 2. g3 e6 3. Bg2 d5 4. Nf3 c6 5. O-O Bd6 6. b3 O-O 7. Bb2 Nbd7 8. d3
Qe7 9. Nbd2 e5 10. cxd5 cxd5 11. e4 dxe4 12. dxe4 b5 13. Qe2 a5 14. Rfd1 Ba6 15.
Nh4 Ba3 16. Nf5 Qb4 17. Bxa3 Qxa3 18. Nf3 Rfc8 19. Qe3 h6 20. Bh3 Rc7 21. Rd6
Qc5 22. Rad1 Qxe3 23. Nxe3 Nc5 24. Nd5 Nxd5 25. exd5 f6 26. Rc6 Rxc6 27. dxc6 e4
28. Nh4 Nd3 29. Bg2 Rc8 30. Bxe4 Ne5 31. Rd6 Rc7 32. f4 Nf7 33. Re6 g5 34. Re8+
Kg7 35. Nf5+ 1-0

[Event "Reykjavik Open"]
[Site "Reykjavik ISL"]
[Date "2012.03.07"]
[Round "2.29"]
[White "Halldorsson, Bragi"]
[Black "Zumsande, Martin"]
[Result "0-1"]
[BlackTitle "IM"]
[WhiteElo "2178"]
[BlackElo "2439"]
[WhiteFideId "2300907"]
[BlackFideId "4651324"]
[EventDate "2012.03.06"]

1. d4 d5 2. c4 c6 3. Nc3 Nf6 4. Nf3 a6 5. e3 b5 6. c5 Nbd7 7. Bd3 e5 8. Nd2 g6
9. b4 a5 10. bxa5 Qxa5 11. Bb2 e4 12. Be2 Bh6 13. O-O b4 14. Ncb1 Qc7 15. a3
bxa3 16. Nxa3 Bb7 17. Nc2 O-O 18. Nb3 Ne8 19. Bc3 f5 20. Ba5 Qc8 21. Nb4 Ng7 22.
Qc2 Nf6 23. Bb6 g5 24. Rxa8 Bxa8 25. Ra1 f4 26. Ra7 fxe3 27. f3 exf3 28. gxf3
Qh3 29. Bc7 g4 30. fxg4 Ne4 31. Nd3 Ne6 32. Be5 N6g5 33. Ne1 Qh4 34. Nd3 Nh3+
35. Kh1 Nhf2+ 36. Nxf2 exf2 37. Ra1 Qh3 38. Qd3 f1=Q+ 39. Rxf1 Rxf1+ 40. Bxf1
Nf2+ 41. Kg1 Qxd3 42. Bxd3 Nxd3 43. Bc7 Nc1 44. Nxc1 Bxc1 45. Kf2 Kf7 46. Kf3
Bb7 47. Bg3 Ba6 48. Be5 Bd3 49. Bc7 Be4+ 50. Kf2 Bg5 51. Bg3 Bf6 52. Ke3 Kg6 53.
h4 h5 54. g5 Bd8 55. Be5 Kf5 56. Bg3 Kg4 57. Be1 Bc7 0-1

[Event "Reykjavik Open"]
[Site "Reykjavik ISL"]
[Date "2012.03.07"]
[Round "2.30"]
[White "Kristiansen, Jens"]
[Black "Lasinskas, Povilas"]
[Result "0-1"]
[WhiteTitle "IM"]
[BlackTitle "FM"]
[WhiteElo "2432"]
[BlackElo "2170"]
[WhiteFideId "1400061"]
[BlackFideId "12800503"]
[EventDate "2012.03.06"]

1. e4 e5 2. Bc4 d6 3. Nc3 Be6 4. Bb3 Nf6 5. d3 Be7 6. f4 Bxb3 7. axb3 Nc6 8. Nf3
O-O 9. O-O Re8 10. Kh1 Bf8 11. fxe5 dxe5 12. Bg5 h6 13. Bh4 Be7 14. Bg3 Bf8 15.
Nh4 g6 16. Qf3 Bg7 17. Nd5 Re6 18. c3 Ne7 19. Nxf6+ Rxf6 20. Qe3 Rxf1+ 21. Rxf1
Qd7 22. Nf3 Nc6 23. b4 a6 24. Nd2 Rd8 25. Rf3 Qe6 26. h3 Qa2 27. Nc4 Rd7 28. Kh2
Qb1 29. Qg1 Qc2 30. Qf2 Qb1 31. Qg1 Qc2 32. Qf2 Qb1 33. Qe2 Kh7 34. Rf1 Qa2 35.
Bh4 b5 36. Ne3 Qe6 37. Rf3 Qd6 38. Ng4 f5 39. Ne3 Qxd3 40. Qxd3 Rxd3 41. exf5 g5
42. Bg3 e4 43. Rf1 Rxe3 44. Rd1 Be5 45. Bxe5 Nxe5 46. g4 0-1

[Event "Reykjavik Open"]
[Site "Reykjavik ISL"]
[Date "2012.03.07"]
[Round "2.32"]
[White "Akshayraj, Kore"]
[Black "Van Heirzeele, Daniel"]
[Result "1-0"]
[WhiteTitle "IM"]
[WhiteElo "2422"]
[BlackElo "2161"]
[WhiteFideId "5012414"]
[BlackFideId "200425"]
[EventDate "2012.03.06"]

1. d4 Nf6 2. c4 e6 3. Nc3 Bb4 4. e3 b6 5. Ne2 Ba6 6. a3 Bxc3+ 7. Nxc3 d5 8. Qa4+
c6 9. Be2 dxc4 10. O-O O-O 11. Rd1 b5 12. Qc2 Nbd7 13. e4 h6 14. e5 Nd5 15. Bd2
Qc7 16. a4 Nxc3 17. Qxc3 Bb7 18. Qg3 Kh7 19. Bb4 Rh8 20. Bd6 Qd8 21. Bf3 a6 22.
Be4+ Kg8 23. Ra3 Nb6 24. h4 Nd5 25. Rf3 f5 26. exf6 Nxf6 27. Be5 Ne8 28. Bg6 Qe7
29. Re1 Rd8 30. Re4 Nf6 31. Bxf6 gxf6 32. Rxe6 Qg7 33. Rfxf6 1-0

[Event "Reykjavik Open"]
[Site "Reykjavik ISL"]
[Date "2012.03.07"]
[Round "2.34"]
[White "Bjornsson, Sverrir Orn"]
[Black "Thorfinnsson, Bjorn"]
[Result "1-0"]
[BlackTitle "IM"]
[WhiteElo "2153"]
[BlackElo "2416"]
[WhiteFideId "2301954"]
[BlackFideId "2300982"]
[EventDate "2012.03.06"]

1. e4 c6 2. d4 d5 3. e5 Bf5 4. c4 e6 5. Nc3 Ne7 6. a3 Nd7 7. c5 b6 8. b4 a5 9.
Bb2 Qb8 10. Qd2 bxc5 11. bxc5 f6 12. f4 Ng6 13. Ra2 Be7 14. Nf3 O-O 15. Be2 Ra7
16. O-O Rb7 17. Na4 Nxf4 18. Qxf4 fxe5 19. Qd2 e4 20. Ne5 Nxe5 21. dxe5 h6 22.
Bd4 Bg5 23. Qxa5 Rb3 24. Nb6 Bg4 25. Bxg4 Rxf1+ 26. Kxf1 Rb1+ 27. Ke2 Qf8 28.
Qa8 Bd8 29. Bf2 e3 30. Be1 d4 31. Bxe6+ Kh7 32. Qxc6 Qf4 33. Qf3 d3+ 34. Kxd3 1-0

[Event "Reykjavik Open"]
[Site "Reykjavik ISL"]
[Date "2012.03.07"]
[Round "2.35"]
[White "Trella, Thomas"]
[Black "Vrban, Damir"]
[Result "1-0"]
[WhiteTitle "FM"]
[WhiteElo "2410"]
[BlackElo "2152"]
[WhiteFideId "24620513"]
[BlackFideId "14508630"]
[EventDate "2012.03.06"]

1. Nf3 f5 2. d4 Nf6 3. g3 g6 4. Bg2 Bg7 5. O-O O-O 6. b3 d6 7. Bb2 c6 8. Nbd2
Na6 9. c4 Kh8 10. Qc2 Be6 11. a3 Bg8 12. e4 Nxe4 13. Nxe4 fxe4 14. Qxe4 d5 15.
Qc2 dxc4 16. bxc4 Qc7 17. Rfe1 Rae8 18. Ne5 e6 19. Re4 Bf6 20. c5 Qg7 21. Ng4
Nc7 22. Nxf6 Rxf6 23. d5 Nxd5 24. Be5 h6 25. Qb2 Kh7 26. Ra4 1-0

[Event "Reykjavik Open"]
[Site "Reykjavik ISL"]
[Date "2012.03.07"]
[Round "2.36"]
[White "Eriksson, Christian"]
[Black "Thomassen, Joachim"]
[Result "1/2-1/2"]
[BlackTitle "IM"]
[WhiteElo "2148"]
[BlackElo "2400"]
[WhiteFideId "1412159"]
[BlackFideId "1504991"]
[EventDate "2012.03.06"]

1. e4 c5 2. c3 g6 3. d4 cxd4 4. cxd4 d5 5. e5 Bg7 6. Nc3 Nh6 7. h3 Nc6 8. g4 f6
9. f4 fxe5 10. fxe5 O-O 11. Bg2 e6 12. Nf3 b5 13. O-O Qb6 14. Be3 Nf7 15. Re1
Na5 16. b3 Bd7 17. Rc1 b4 18. Nb1 Rac8 19. Qd2 Nb7 20. h4 Rxc1 21. Rxc1 Rc8 22.
g5 a5 23. Rxc8+ Bxc8 24. h5 gxh5 25. g6 hxg6 26. Qc2 Bd7 27. Qxg6 Qc6 28. Bh3
Nbd8 29. Ng5 Nxg5 30. Bxg5 Nf7 31. Be3 Nh8 32. Qxh5 Qc2 33. Bxe6+ Bxe6 34. Qe8+
Kh7 35. Qh5+ Kg8 36. Qe8+ 1/2-1/2

[Event "Reykjavik Open"]
[Site "Reykjavik ISL"]
[Date "2012.03.07"]
[Round "2.37"]
[White "Thorhallsson, Throstur"]
[Black "Olafsson, Thorvardur"]
[Result "1-0"]
[WhiteTitle "GM"]
[WhiteElo "2398"]
[BlackElo "2147"]
[WhiteFideId "2300109"]
[BlackFideId "2301148"]
[EventDate "2012.03.06"]

1. e4 e5 2. Nf3 Nc6 3. d4 exd4 4. Nxd4 Nf6 5. Nxc6 bxc6 6. Bd3 d5 7. exd5 cxd5
8. O-O Be7 9. Re1 O-O 10. Bg5 Be6 11. Nd2 c6 12. Nf3 Nd7 13. Qd2 Bf6 14. c3 Bg4
15. Bxf6 Qxf6 16. Nd4 Ne5 17. Be2 Bd7 18. Nb3 Ng6 19. Bf1 Rfe8 20. Nc5 Bf5 21.
Re3 Rxe3 22. Qxe3 Qe7 23. Qxe7 Nxe7 24. f3 Re8 25. Rd1 Nc8 26. g4 Bg6 27. Rd4
Nb6 28. Rb4 f5 29. h3 fxg4 30. hxg4 h5 31. gxh5 Bxh5 32. Kf2 g5 33. Bh3 Re7 34.
b3 Kf7 35. a4 d4 36. Rxd4 Re5 37. Nd7 Rd5 38. Rxd5 Nxd5 39. Ne5+ Kf6 40. Nxc6
Nxc3 41. Nxa7 Bf7 42. Nb5 Nd1+ 43. Kg3 Bxb3 44. a5 Ke7 45. a6 Kd8 46. a7 Bd5 47.
Bf5 g4 48. Be4 1-0

[Event "Reykjavik Open"]
[Site "Reykjavik ISL"]
[Date "2012.03.07"]
[Round "2.38"]
[White "Ingvason, Johann"]
[Black "L'Ami, Alina"]
[Result "0-1"]
[BlackTitle "WGM"]
[WhiteElo "2132"]
[BlackElo "2372"]
[WhiteFideId "2301431"]
[BlackFideId "1210246"]
[EventDate "2012.03.06"]

1. e4 c5 2. Nf3 d6 3. d4 cxd4 4. Nxd4 Nf6 5. Nc3 a6 6. Be3 e5 7. Nf3 Be7 8. h3
Qc7 9. Qd2 b5 10. Bd3 Bb7 11. Nd5 Bxd5 12. exd5 e4 13. Be2 exf3 14. gxf3 Nbd7
15. Rg1 g6 16. a4 O-O 17. h4 Qb7 18. O-O-O bxa4 19. h5 Rab8 20. Qd4 Nxh5 21. Bg5
Bxg5+ 22. Rxg5 Qb6 23. f4 Ng7 24. Qc3 Rfc8 25. Qa3 Qxf2 26. Qf3 Qb6 27. Qa3 Re8
28. Rg2 Re3 29. c3 Rbe8 30. Bd3 Nc5 31. Bc2 Nb3+ 32. Kb1 Re1 33. Qxa4 Rxd1+ 34.
Bxd1 Re1 35. Ka2 Rxd1 0-1

[Event "Reykjavik Open"]
[Site "Reykjavik ISL"]
[Date "2012.03.07"]
[Round "2.39"]
[White "Arngrimsson, Dagur"]
[Black "Thorsteinsson, Erlingur"]
[Result "1-0"]
[WhiteTitle "IM"]
[WhiteElo "2361"]
[BlackElo "2129"]
[WhiteFideId "2301288"]
[BlackFideId "2301091"]
[EventDate "2012.03.06"]

1. Nf3 Nf6 2. g3 g6 3. Bg2 Bg7 4. O-O O-O 5. d4 d5 6. Ne5 c6 7. c4 Nbd7 8. Nc3
Nxe5 9. dxe5 Ng4 10. cxd5 cxd5 11. Nxd5 Nxe5 12. Bg5 Nc6 13. Rc1 Bxb2 14. Rxc6
bxc6 15. Nxe7+ Kg7 16. Nf5+ Bxf5 17. Bxd8 Rfxd8 18. Qa4 Rac8 19. Bxc6 Rd6 20.
Bf3 Rc7 21. Kg2 Bc2 22. Qa5 Rdd7 23. h4 Bc3 24. Qa3 Bd2 25. h5 a5 26. Qb2+ f6
27. Rh1 g5 28. h6+ Kf7 29. Bh5+ Ke6 30. Qb8 f5 31. Be8 Re7 32. Qb6+ Kd5 33. Bc6+
Rxc6 34. Qd8+ Ke6 35. Qxd2 g4 36. Rc1 Rec7 37. f3 gxf3+ 38. exf3 a4 39. Re1+ Kf6
40. Qd8+ Kg6 41. Re6+ Rxe6 42. Qxc7 1-0

[Event "Reykjavik Open"]
[Site "Reykjavik ISL"]
[Date "2012.03.07"]
[Round "2.40"]
[White "Scholzen, Wolfgang"]
[Black "Moen, Andreas"]
[Result "0-1"]
[BlackTitle "FM"]
[WhiteElo "2127"]
[BlackElo "2360"]
[WhiteFideId "24637629"]
[BlackFideId "1501453"]
[EventDate "2012.03.06"]

1. d4 d5 2. Nf3 Nf6 3. e3 c5 4. b3 Bg4 5. Be2 Nc6 6. Bb2 e6 7. O-O Bd6 8. Nbd2
O-O 9. Ne5 Bxe2 10. Qxe2 Qc7 11. f4 Rac8 12. Nxc6 Qxc6 13. dxc5 Be7 14. Bd4 Bxc5
15. Bxf6 gxf6 16. Rf3 Kh8 17. Qd3 Rg8 18. Kh1 Bb4 19. c4 Bxd2 20. Qxd2 dxc4 21.
Qc3 Rg6 22. bxc4 Qxc4 23. Qxc4 Rxc4 24. Kg1 Rg8 25. Rd1 Rgc8 26. Rd7 R4c7 27.
Rd2 f5 28. Rf1 Kg7 29. Kf2 Rc2 30. Rd1 Kf6 31. Kf3 b5 32. h3 b4 33. g4 Rxd2 34.
Rxd2 fxg4+ 35. hxg4 Rc3 36. Ke4 a5 37. Rd3 Rxd3 38. Kxd3 Ke7 39. g5 Kd6 40. Kd4
Kc6 41. e4 Kb6 42. Ke5 Kb5 43. f5 exf5 44. exf5 a4 0-1

[Event "Reykjavik Open"]
[Site "Reykjavik ISL"]
[Date "2012.03.07"]
[Round "2.41"]
[White "Aguera Naredo, Javier"]
[Black "Huizer, Mark"]
[Result "1-0"]
[WhiteTitle "FM"]
[BlackTitle "CM"]
[WhiteElo "2358"]
[BlackElo "2122"]
[WhiteFideId "2204169"]
[BlackFideId "1005839"]
[EventDate "2012.03.06"]

1. e4 c5 2. Nf3 d6 3. d4 cxd4 4. Nxd4 Nf6 5. Nc3 a6 6. Be3 e5 7. Nb3 Be6 8. f3
h5 9. Qd2 Nbd7 10. Be2 Be7 11. O-O Qc7 12. a4 O-O 13. a5 Rac8 14. Rac1 Rfe8 15.
Nd5 Bxd5 16. exd5 e4 17. f4 Ng4 18. Bd4 Bf6 19. c4 Qd8 20. h3 e3 21. Qc3 Bxd4
22. Nxd4 Ngf6 23. Nf5 Nc5 24. b4 Qd7 25. Nxg7 Nce4 26. Nxe8 Nxc3 27. Nxf6+ 1-0

[Event "Reykjavik Open"]
[Site "Reykjavik ISL"]
[Date "2012.03.07"]
[Round "2.43"]
[White "Coleman, Teddy"]
[Black "Sigurjonsson, Stefan Th."]
[Result "1-0"]
[WhiteTitle "FM"]
[WhiteElo "2356"]
[BlackElo "2117"]
[WhiteFideId "2022010"]
[BlackFideId "2301008"]
[EventDate "2012.03.06"]

1. d4 d5 2. c4 e6 3. Nc3 Nf6 4. cxd5 exd5 5. Bg5 c6 6. e3 Bd6 7. Qc2 O-O 8. Bd3
h6 9. Bh4 Re8 10. Nge2 a5 11. h3 Nbd7 12. g4 Nf8 13. O-O-O b5 14. Rdg1 b4 15.
Na4 Ba6 16. Bxa6 Rxa6 17. Kb1 Ng6 18. Bxf6 Qxf6 19. Nc1 Nh4 20. Nd3 Nf3 21. Rc1
Bb8 22. Qd1 Bd6 23. Rc2 Bb8 24. Qc1 g5 25. Qd1 Kg7 26. Ka1 Bd6 27. Qf1 Rea8 28.
Ne1 Nh4 29. Ng2 Nf3 30. Qe2 Bb8 31. Rhc1 R8a7 32. Ne1 Nxe1 33. Qxe1 Rb6 34. Nxb6 1-0

[Event "Reykjavik Open"]
[Site "Reykjavik ISL"]
[Date "2012.03.07"]
[Round "2.44"]
[White "Ragnarsson, Dagur"]
[Black "Kiewra, Keaton F"]
[Result "1-0"]
[BlackTitle "FM"]
[WhiteElo "1858"]
[BlackElo "2355"]
[WhiteFideId "2304058"]
[BlackFideId "2019280"]
[EventDate "2012.03.06"]

1. c4 Nf6 2. g3 g6 3. Bg2 d5 4. cxd5 Nxd5 5. Nc3 Nb6 6. Nf3 Bg7 7. O-O O-O 8. d3
Nc6 9. a4 a5 10. Be3 e5 11. Nb5 Be6 12. Rc1 Nd5 13. Qd2 Nxe3 14. Qxe3 Re8 15.
Ng5 Bd7 16. Bd5 Re7 17. Qf3 Be8 18. Ne4 Nb4 19. Bc4 Bc6 20. Nf6+ Kh8 21. e4 Ra6
22. Nc3 Rb6 23. b3 Qd6 24. Ncd5 Nxd5 25. exd5 Bd7 26. Ne4 Qb4 27. d6 cxd6 28.
Bxf7 Bc6 29. Rc4 Qa3 30. Bd5 h6 31. Nd2 Qb2 32. Rd1 e4 33. dxe4 Kh7 34. Rcc1
Bxd5 35. exd5 Rb4 36. Rc4 Re8 37. Rxb4 axb4 38. Nc4 Qc2 39. Rf1 Qc3 40. Qd1 Be5
41. Re1 Rc8 42. Re3 Rxc4 43. bxc4 Qxc4 44. Rxe5 dxe5 45. d6 Qc8 46. d7 Qd8 47.
Qd5 Kg7 48. Qxe5+ Kf7 49. Qd5+ Ke7 50. Qxb7 Qa5 51. Qc8 Qd8 52. Qc5+ Kxd7 53.
Qxb4 Ke6 54. Qe1+ Kf5 55. a5 Qa8 56. f3 Qa7+ 57. Kg2 h5 58. h4 Kf6 59. Qa1+ Kf7
60. Qa2+ Kg7 61. a6 Kh7 62. Kf1 Kh6 63. Kg2 Kh7 64. Kh1 Qd7 65. g4 hxg4 66. Qb1
Kh6 67. h5 gxh5 68. Qb6+ Kg5 69. Qe3+ Kh4 70. a7 Qh7 71. Kg2 gxf3+ 72. Kf2 Kg4
73. Qe6+ Kh4 74. Qc4+ Kh3 75. Qd5 h4 76. Qc5 Kg4 77. Qc4+ Kh3 78. Qe6+ Kh2 79.
Qe5+ Kh1 80. Qe1+ Kh2 1-0

[Event "Reykjavik Open"]
[Site "Reykjavik ISL"]
[Date "2012.03.07"]
[Round "2.46"]
[White "Bharat, Vijay"]
[Black "Halkias, Stelios"]
[Result "0-1"]
[BlackTitle "GM"]
[WhiteElo "1941"]
[BlackElo "2588"]
[WhiteFideId "5032784"]
[BlackFideId "4201809"]
[EventDate "2012.03.06"]

1. d4 Nf6 2. Nf3 b6 3. Bf4 Bb7 4. e3 g6 5. c4 Bg7 6. h3 d6 7. Nc3 Nbd7 8. Be2
O-O 9. O-O Re8 10. Qc2 a6 11. Rfe1 Qb8 12. Rab1 Qa7 13. Nd2 e5 14. Bh2 Re7 15.
Bf3 Rae8 16. Bxb7 Qxb7 17. d5 Nh5 18. e4 Rf8 19. Nf3 Bh6 20. Nh4 Ng7 21. g4 Qc8
22. Ne2 Nf6 23. Kh1 c6 24. Qd3 b5 25. b3 bxc4 26. bxc4 cxd5 27. cxd5 Nd7 28. Rg1
Nc5 29. Qf3 Bg5 30. Bg3 Rc7 31. Rb6 Qd8 32. Ng2 f5 33. gxf5 gxf5 34. exf5 Nxf5
35. Qh5 Ng7 36. Qg4 h5 37. Qc4 Qd7 38. Kh2 Rf3 39. Rb8+ Kf7 40. Nh4 Rf6 41. Bxe5
Rxf2+ 42. Rg2 Rxg2+ 43. Nxg2 Qe7 44. Bf4 Qe4 45. Qxe4 Nxe4 46. Bxg5 Nxg5 47. Rb6
Rc2 48. Ngf4 Nf5 49. Kg2 Rxa2 50. Rb7+ Ke8 51. Kf2 h4 52. Rb8+ Kf7 53. Rb4 a5
54. Rc4 Ra3 55. Nc3 Rxc3 0-1

[Event "Reykjavik Open"]
[Site "Reykjavik ISL"]
[Date "2012.03.07"]
[Round "2.48"]
[White "Lund, Silas"]
[Black "Doggers, Peter"]
[Result "1/2-1/2"]
[WhiteTitle "IM"]
[WhiteElo "2417"]
[BlackElo "2265"]
[WhiteFideId "1405454"]
[BlackFideId "1005774"]
[EventDate "2012.03.06"]

1. d4 Nf6 2. c4 g6 3. Nc3 d5 4. Bf4 Bg7 5. e3 c5 6. dxc5 Qa5 7. Rc1 dxc4 8. Bxc4
O-O 9. Nf3 Qxc5 10. Bb3 Qa5 11. O-O Nc6 12. Qe2 Nh5 13. Bg5 Bg4 14. Bh4 Qb4 15.
Qc4 Qxc4 16. Bxc4 Rac8 17. Rfd1 Rfd8 18. h3 Bxf3 19. gxf3 Bf6 20. Bxf6 Nxf6 21.
Nd5 Kg7 22. Nxf6 Kxf6 23. Bd5 e6 24. Bxc6 Rxc6 25. b3 Rxc1 26. Rxc1 Rd2 27. Rc7
Rxa2 28. Rxb7 1/2-1/2

[Event "Reykjavik Open"]
[Site "Reykjavik ISL"]
[Date "2012.03.07"]
[Round "2.49"]
[White "Michalczak, Thomas"]
[Black "Eriksen, Magnus"]
[Result "1-0"]
[WhiteTitle "FM"]
[WhiteElo "2326"]
[BlackElo "2108"]
[WhiteFideId "4622634"]
[BlackFideId "1509764"]
[EventDate "2012.03.06"]

1. e4 e6 2. d4 d5 3. Nc3 Nf6 4. e5 Nfd7 5. f4 c5 6. Nf3 Nc6 7. Be3 Be7 8. Be2
O-O 9. Qd2 a6 10. O-O b5 11. a3 Bb7 12. Nd1 cxd4 13. Nxd4 Nxd4 14. Bxd4 f6 15.
exf6 Bxf6 16. Nf2 Bxd4 17. Qxd4 Qf6 18. Qxf6 gxf6 19. Bg4 Rfe8 20. Rae1 Nc5 21.
Nd3 Ne4 22. c3 Rad8 23. Re3 f5 24. Bh5 Rf8 25. Ne5 d4 26. cxd4 Rxd4 27. Rc1 Rd2
28. Rc7 Rxb2 29. h3 Rb1+ 30. Kh2 Bd5 31. Nd7 Nd2 32. Be2 Rd8 33. Rg3+ Kf7 34.
Ne5+ 1-0

[Event "Reykjavik Open"]
[Site "Reykjavik ISL"]
[Date "2012.03.07"]
[Round "2.50"]
[White "Thorell, Viktor"]
[Black "Ptacnikova, Lenka"]
[Result "0-1"]
[BlackTitle "WGM"]
[WhiteElo "2034"]
[BlackElo "2289"]
[WhiteFideId "1715488"]
[BlackFideId "305650"]
[EventDate "2012.03.06"]

1. Nf3 Nf6 2. g3 c5 3. Bg2 g6 4. d3 Bg7 5. e4 Nc6 6. O-O d6 7. Nbd2 O-O 8. a4 e5
9. Nc4 h6 10. Re1 Be6 11. b3 Qd7 12. Nfd2 Nd4 13. Bb2 Rad8 14. c3 Nc6 15. Qc2 b6
16. Nf3 Rfe8 17. Rad1 Qc7 18. Re3 d5 19. exd5 Nxd5 20. Rd2 Re7 0-1